000 00859nam0a22002651 4500
001 rc\787654
005 20250622135329.0
035 _a(NLR Aleph) 006325058
090 _a7486865
_c7486865
100 _a20040301d1983 |||y0rusy50 ca
101 0 _arus
102 _aRU
105 _ay |||||||||
200 1 _aЮргис Балтрушайтис
_eМоногр. очерк
_fПер. с литов. Б. Балашявичюса
210 _aВильнюс
_cVaga
_d1983
215 _a326 с.
_d17
320 _aБиблиогр. в примеч.: с. 281-319
320 _aУказ. имен: с. 321-325
600 1 _aБалтрушайтис
_bЮ.
_gЮргис
_2psbo
700 1 _aДауетите-Пакерене
_bВ.
_gВиктория
801 0 _aRU
_bNLR
_gpsbo
801 1 _aRU
_bELAR
_2rusmarc
852 _aNLR
_j83-2/3502
942 _cBOOK
980 _aNB